[Event "FRA-chT Gp-B"]
[Site "France"]
[Date "2003.02.01"]
[Round "2.5"]
[White "Nezar, Mustapha"]
[Black "Wirig, Anthony"]
[Result "1-0"]
[WhiteElo "2320"]
[BlackElo "2347"]
[Annotator "Huzman,A"]
[PlyCount "74"]
[EventDate "2003.01.31"]
[EventType "team"]
[EventRounds "7"]
[EventCountry "FRA"]
[SourceTitle "CBM 094"]
[Source "ChessBase"]
[SourceDate "2003.05.26"]
[SourceVersion "1"]
[SourceVersionDate "2003.05.26"]
[SourceQuality "1"]
[WhiteTeam "Nancy"]
[BlackTeam "Vandoeuvre"]
[WhiteTeamCountry "FRA"]
[BlackTeamCountry "FRA"]

1. d4 d5 2. c4 c6 3. Nf3 Nf6 4. Qc2 dxc4 5. Qxc4 Bf5 6. g3 Nbd7 7. Bg2 e6 8.
O-O Be7 9. Nc3 O-O 10. e3 b5 11. Qe2 b4 12. Na4 Be4 (12... Qa5 13. b3 Qb5 14.
Re1 Bd3 (14... Rac8 15. a3 Qxe2 16. Rxe2 a5 17. axb4 Bxb4 18. Ba3 Bxa3 19. Rxa3
c5 $11 {0-1 Istratescu,A-Itkis,B/Bucharest 2000/CBM 79 ext (34)}) 15. Qd1 Rac8
16. Bb2 Rfd8 17. Rc1 Qa6 (17... h6 18. Bf1 Bxf1 19. Rxf1 Ne4 20. Nd2 Nxd2 21.
Qxd2 c5 22. Qc2 Qa6 23. Qc4 Qxc4 24. Rxc4 cxd4 25. Rxd4 Nb6 $11 {1/2-1/2
Volzhin,A-Rustemov,A/Stockholm 2002/CBM 85 ext (39)}) 18. Nd2 Bb5 19. Bf1 Qb7 {
1/2-1/2 Vasilescu,L-Navrotescu,C/ROM 1993/EXT 97 (19)}) 13. Rd1 (13. Bd2 Nb6
14. b3 Nxa4 15. bxa4 Qd5 16. Rfc1 Rfd8 17. Be1 Nd7 $15 {1/2-1/2 Horvath,
J-Milov,L/Balatonbereny 1992/TD (24)}) (13. b3 Nb6 (13... Qa5 14. Bb2 (14. Nd2
Bxg2 15. Kxg2 Nb6 16. Nxb6 axb6 17. e4 Qa6 $1 18. Nc4 Qb7 19. f3 Ra6 20. Be3
Rfa8 21. Rf2 Nd7 $1 22. Rd1 $6 b5 23. Ne5 Nxe5 24. dxe5 c5 $17 {0-1 Kaspi,
A-Huzman,A/Ramat Aviv/Modiin 2000/CBM 81/[Huzman] (49)}) 14... Rac8 (14... Qh5
15. Rfe1 Rfd8 16. Rac1 Rac8 17. Ne5 Qxe2 18. Rxe2 Bxg2 19. Kxg2 Nxe5 20. dxe5
Nd7 21. Rec2 c5 22. Bd4 Rc6 23. e4 Ra6 24. Be3 $14 {1-0 Ribshtein,N-Bloemhard,
R/Dieren open 1999 (63)}) (14... Rfc8 15. Nd2 Bxg2 16. Kxg2 Nb6 17. a3 Nxa4 18.
bxa4 b3 19. Qc4 Qxd2 {0-1 Palacios Perez,M-Rodriguez Guerrero,E/Ayamonte 2002/
CBM 90 ext (19)}) 15. Nd2 Bxg2 16. Kxg2 c5 17. dxc5 Nxc5 18. Nc4 Qa6 19. Nxc5
Rxc5 20. e4 Rd8 21. a3 Qb7 22. axb4 Rc7 23. Bxf6 {1/2-1/2 Konopka,M-Rogic,D/
AUT 2000/EXT 2002 (23)}) 14. Nxb6 (14. Nb2 Qd5 15. Bd2 c5 16. dxc5 Qxc5 17.
Rfc1 Qd5 18. Rd1 Qb7 19. Nd3 Rfd8 20. Be1 Nbd5 $15 {1/2-1/2 Bischoff,K-Dautov,
R/Essen 1999/CBM 71/[Huzman] (41)}) (14. Ne5 Nxa4 15. bxa4 Bxg2 16. Kxg2 Rc8
17. Bb2 Qa5 18. Rfc1 Qxa4 19. Qc4 c5 20. a3 a5 21. axb4 Qxb4 $17 {1/2-1/2
Borges Mateos,J-Perez,R/Santa Clara 2000/EXT 2001 (28)}) 14... axb6 15. Ne5
Bxg2 16. Kxg2 Qd5+ 17. Qf3 Ne4 18. Bb2 f6 19. Nd3 Bd6 20. Rfc1 Ra5 $15 {
0-1 Panczyk,K-Vigus,J/Hampstead 1998/CBM 63 ext (38)}) (13. Ne1 Bxg2 14. Nxg2
Nb6 15. Nc5 Bxc5 16. dxc5 Na4 {1/2-1/2 Pomes Marcet,J-Vera Pons,F/Barcelona
2000/EXT 2001 (16)}) 13... Qa5 14. b3 Nb6 (14... Qb5 15. Bf1 Qxe2 16. Bxe2 c5
17. Bb2 Rfc8 18. Nd2 Bb7 19. Nc4 cxd4 20. Bxd4 Nc5 21. Nxc5 Bxc5 22. a3 Bxd4
23. Rxd4 bxa3 24. Nd6 $16 {1/2-1/2 Dreev,A-Dorfman,J/Cap d'Agde 2000/CBM 80 
(48)}) 15. Nxb6 axb6 16. Ne5 Bxg2 17. Kxg2 Qd5+ (17... Rfc8 $5 18. e4 $14 Qa7
19. f3 Nd7 20. Nc4 $14) 18. f3 Rfc8 (18... c5 19. e4 Qb7 20. Be3 $14) 19. e4
Qd8 20. Be3 $14 Nd7 21. Nd3 (21. Nc4 b5 22. Nb2 Ra6 23. Nd3 Rca8 $132) 21...
Ra7 22. Rac1 Qf8 23. Rc2 Rac7 24. Rdc1 $16 {[%csl Rb4,Rc6]} Bd6 25. Bd2 f6 (
25... Nb8 26. Rc4 Na6 27. Qe1 c5 28. dxc5 bxc5 29. Be3 $16) 26. Rc4 b5 (26...
c5 27. e5 fxe5 28. dxe5 Be7 29. Nxb4 b5 30. Rf4 $1 (30. R4c2 c4 31. Qe1 Nb6 $44
{[%csl Rb4]}) 30... Qe8 31. Nc2 $16) 27. R4c2 {[%cal Ge4e5]} e5 28. dxe5 fxe5 (
28... Nxe5 29. Nc5 Bxc5 30. Rxc5 Rd7 (30... Nd7 31. R5c2 Qe7 32. Bf4 Ne5 33.
Rc5 $16) 31. R1c2 $16 {[%csl Rb4,Rc6]}) 29. Be3 $1 c5 30. Nf2 $1 Rb8 31. Qd3 $1
Nf6 32. Bg5 $1 Be7 $2 (32... Nd7 33. Ng4 h6 34. Be3 Rb6 35. Rd1 $16) 33. Bxf6
$1 gxf6 (33... Qxf6 34. Qd5+ Kh8 35. Ng4 $18) 34. Ng4 {[%cal Gg4e3,Ge3d5,Ge3f5]
} Qd8 35. Qe2 Rd7 36. Nh6+ Kg7 (36... Kf8 37. Nf5 $18) 37. Nf5+ Kf7 (37... Kf7
38. Nxe7 Kxe7 39. Qe3 $18) 1-0

[Event "RUS-ch m1-2"]
[Site "Elista"]
[Date "1997.05.25"]
[Round "3.1"]
[White "Shcherbakov, Ruslan"]
[Black "Svidler, Peter"]
[Result "0-1"]
[WhiteElo "2580"]
[BlackElo "2640"]
[Annotator "Huzman,A"]
[PlyCount "82"]
[EventDate "1997.05.19"]
[EventType "k.o."]
[EventRounds "6"]
[EventCountry "RUS"]
[SourceTitle "CBM 059"]
[Source "ChessBase"]
[SourceDate "1997.08.01"]
[SourceVersion "1"]
[SourceVersionDate "1997.08.01"]
[SourceQuality "1"]

1. Nf3 d5 2. d4 e6 3. c4 dxc4 4. Qa4+ Nd7 5. e4 Ngf6 6. Nc3 a6 7. Bxc4 Rb8 8.
Qc2 b5 9. Bd3 Bb7 (9... c5 10. Bf4 Rb6 11. d5 Bb7 12. dxe6 Rxe6 13. Ng5 Re7 14.
O-O-O c4 15. Be2 h6 16. e5 hxg5 17. exf6 gxf6 18. Bd6 Re6 19. Bg3 Bg7 20. Bg4
O-O 21. Bxe6 fxe6 22. Rhe1 f5 23. Qd2 Rf7 $132 {Ivanov S.-Rublevsky,Elista1997}
) 10. Bf4 Rc8 11. O-O (11. d5 $5 exd5 (11... c5 $142) 12. O-O-O $40) 11... c5
12. d5 c4 13. Be2 exd5 (13... b4 14. dxe6 fxe6 15. e5 $36) 14. Nxd5 (14. e5 Ne4
15. Rad1 Ndc5) (14. exd5 Bc5 15. d6 O-O 16. Rad1 Qb6 $11) 14... Bxd5 (14...
Nxd5 15. exd5 Nf6 16. d6 $5 (16. Rad1 Nxd5 17. Be5 f6 18. Bg3 $44 {[%csl Ge6]
[%cal Gf3d4]} (18. Nd4 fxe5 19. Bh5+ g6 20. Bxg6+ hxg6 21. Qxg6+ Kd7 $19) (18.
Ng5 fxe5 19. Bh5+ g6 20. Bxg6+ hxg6 21. Qxg6+ Kd7 $19)) 16... Bxd6 17. Rad1 Nd5
18. Bxd6 Qxd6 19. Ng5 $44) 15. exd5 Bc5 (15... Nxd5 $2 16. Qe4+ Ne7 17. Rad1
$40) 16. b3 (16. d6 O-O 17. Rad1 Qb6 {[%csl Yd6][%cal Yf8d8,Yd7f8]}) 16... cxb3
17. Qxb3 O-O 18. Rad1 Qb6 {[%cal Yf6e4]} 19. Ng5 (19. Bd3 $5 {[%cal Gd3f5]})
19... h6 (19... Bd6 $5 $11) 20. Ne6 (20. Nh3 Rfe8 $15) (20. Nf3 Ne4 $17) 20...
fxe6 21. dxe6 Bxf2+ (21... Nb8 $1 22. e7+ Rf7 23. Bd3 Bxe7 24. Bg6 Rcf8 25.
Rfe1 {White have some compensation}) 22. Rxf2 (22. Kh1 Nc5 $17) 22... Nc5 23.
Be3 (23. Rd6 Qxd6 (23... Qa5 $2 24. Qe3 Nce4 25. e7 Rf7 26. Rxf6 Nxf6 27. Bh5
$16) (23... Rc6 24. Rxc6 Qxc6 25. Qc2 Nfe4 26. e7 Re8 27. Bf3 Qe6 28. Re2 $44)
24. Bxd6 Nxb3 25. Bxf8 Kxf8 26. axb3 Ke7 $17) 23... Qxe6 24. Qxe6+ Nxe6 25. Rd6
Rfe8 26. Rxf6 (26. Rxa6 Nc7 (26... Nd5 27. Bd2 $14) 27. Ra3 Ncd5 28. Bd4 $14)
26... gxf6 27. Bg4 Kf7 28. Rxa6 Re7 $15 29. Bxh6 Rc5 30. Bd2 Nd4 31. h3 Rc2 32.
Bb4 Re3 {[%cal Ye3g3]} 33. Bh5+ Kg7 34. Ra7+ Kh6 35. Bg4 Kg6 $1 (35... Rg3 36.
Bf8+ Kg5 37. Rg7+ Kh4 38. Rh7+ $11) 36. Bf8 Ne6 (36... f5 $1 37. Rg7+ Kf6 38.
Bh5 Ne6 39. Rg6+ (39. Rf7+ Kg5 40. Bf3 Kg6 41. Re7 f4 $19) 39... Ke5 $19) 37.
Bd6 (37. Bxe6 $142 Rxe6 38. a3 $17) 37... f5 38. Bf3 Ng5 $19 39. Ba8 Nxh3+ 40.
Kh2 Nf2 41. Bf3 Rxf3 0-1

[Event "RUS-ch 53rd"]
[Site "Samara"]
[Date "2000.06.17"]
[Round "1"]
[White "Khlian, Eduard"]
[Black "Fominyh, Alexander"]
[Result "1/2-1/2"]
[WhiteElo "2454"]
[BlackElo "2551"]
[Annotator "Huzman,A"]
[PlyCount "69"]
[EventDate "2000.06.03"]
[EventType "swiss"]
[EventRounds "11"]
[EventCountry "RUS"]
[SourceTitle "CBM 078"]
[Source "ChessBase"]
[SourceDate "2000.10.18"]
[SourceVersion "1"]
[SourceVersionDate "2000.10.18"]
[SourceQuality "1"]

1. d4 d5 2. Nf3 Nf6 3. c4 dxc4 4. Qa4+ c6 5. Qxc4 Bf5 6. g3 e6 7. Bg2 Be7 8.
O-O Nbd7 9. Nc3 O-O 10. e3 Ne4 11. Ne1 Nd6 (11... Nxc3 12. bxc3 e5 13. f4 (13.
Nf3 e4 14. Nd2 Be6 15. Qe2 Qa5 16. Bxe4 Qxc3 17. Rb1 Rab8 18. Bb2 Qa5 19. Rfc1
{1/2-1/2 Kvamme,J-Riemer,W/ICCF WT/M/GT/241 1988 (19)}) 13... exd4 14. cxd4 Nf6
15. h3 Bd6 16. g4 Be4 $15 {1-0 Ardiansyah,H-Tarjan,J/Indonesia 1983 (40)}) (
11... Nef6 12. Qe2 e5 13. dxe5 Nxe5 14. e4 Bg4 15. Qc2 Qb6 16. Be3 Qa6 17. h3
Be6 18. b3 Rad8 19. Na4 b6 20. f4 Nd3 21. Nxd3 Qxd3 22. Qxd3 Rxd3 23. Kf2 Rfd8
$11 {1-0 Gyorkos,L-Molnar,B/Szekszard op 1993 (45)}) 12. Qe2 e5 13. dxe5 Nxe5
14. f4 Nd7 15. e4 Be6 16. b3 f6 17. Nc2 (17. Bb2 Re8 18. Rd1 Bf8 19. Kh1 Qb6
20. Nd3 Nc5 21. Nf2 Bf7 22. e5 $36 {1-0 Iljushin,A-Mah,K/Hengelo NED 1999 (42)}
) 17... Re8 18. Bb2 Bf8 19. Kh1 Bf7 20. Rad1 Qc7 {After series of preparing
moves from both sides a real fight around breakthrough e5 will start now.} 21.
Qf2 a6 $1 22. g4 Nb5 23. Na4 (23. Qg3 $5 Nxc3 24. Bxc3 Nc5 (24... Rad8 25. g5
$36) 25. e5 (25. Rfe1 Bg6 26. f5 Qxg3 27. hxg3 Bf7 28. g5 (28. e5 fxe5 29. Bxe5
Rad8 $132) 28... fxg5 29. e5 $44) 25... fxe5 26. Bxe5 Qa5 $132 27. b4 $5 Qxa2
28. Ne3 Ne6 29. f5 $44) 23... Bg6 (23... Bd6 24. Nd4 Rad8 25. Nf5 $36) 24. Rxd7
$6 (24. Rfe1 $5 Bd6 25. h4 Rad8 (25... Bxf4 26. Rxd7 Qxd7 27. Qxf4 Rad8 {
[%cal Yd7d2]} 28. h5 Bf7 29. Ne3 Qd2 30. Rf1 $36 {[%cal Gh5h6]}) 26. h5 Bf7 27.
Rf1 $36) 24... Qxd7 25. Nb6 Qd3 26. Ne1 (26. Nxa8 Rxa8 27. f5 Bf7 28. e5 fxe5
29. Bxe5 Re8 30. Ne1 Qd7 31. Nf3 $11) 26... Qd8 (26... Qb1 $5 27. Nxa8 Rxa8 28.
a4 (28. e5 $5 Qxa2 29. f5 Bf7 30. g5 (30. e6 Be8 31. g5 Be7 $13) (30. exf6 Re8
$13)) 28... Ba3 29. Bxa3 Nxa3 30. f5 Bf7 31. Qb6 Qxb3 32. Qxb3 Bxb3 33. Rf3 Nc2
34. Rxb3 Nxe1 35. Rxb7 Nd3 36. Bf1 Ne5 37. a5 Rd8 $15 {[%cal Yd8d1,Yd1a1,Gd8d2,
Gd2h2]}) 27. Nxa8 Qxa8 28. e5 fxe5 29. Bxe5 Qd8 30. Nf3 (30. f5 Bf7 (30... Rxe5
31. fxg6 hxg6 32. Qf7+ Kh7 33. Qxb7 $16) 31. f6 (31. Nf3 Bd5 $15) 31... gxf6 $5
(31... g6 32. Nf3 $36) (31... Rxe5 32. fxg7 Re7 33. gxf8=Q+ Qxf8 34. Nd3 $36)
32. Bxf6 Qd7 33. Bb2 Bd5 34. a4 Nc7 $132) 30... Be4 $6 (30... Qd7 $142) 31. a4
Nd6 32. Rd1 Bd5 33. Ng5 Bxb3 (33... h6 34. Rxd5 hxg5 (34... cxd5 35. Bxd5+ Kh8
36. Qc2 $18) 35. Rd3 $1 $16 (35. Rd1 $2 Ne4 $19)) 34. Rd3 Bc4 (34... h6 35.
Rxb3 hxg5 36. Rd3 $36) 35. Rxd6 ({It seems strange that draw was agreed as I
think White may win by} 35. Rxd6 $1 Bxd6 36. Qc2 $18) 1/2-1/2

[Event "POL-ch 60th"]
[Site "Warsaw"]
[Date "2003.05.03"]
[Round "12"]
[White "Krasenkow, Michal"]
[Black "Murdzia, Piotr"]
[Result "1-0"]
[WhiteElo "2609"]
[BlackElo "2452"]
[Annotator "Huzman,A"]
[PlyCount "73"]
[EventDate "2003.04.22"]
[EventType "tourn"]
[EventRounds "13"]
[EventCountry "POL"]
[EventCategory "12"]
[SourceTitle "CBM 095"]
[Source "ChessBase"]
[SourceDate "2003.07.25"]
[SourceVersion "1"]
[SourceVersionDate "2003.07.25"]
[SourceQuality "1"]

1. d4 d5 2. c4 dxc4 3. Nf3 Nf6 4. Qa4+ c6 5. Qxc4 Bf5 6. g3 e6 7. Bg2 Be7 8.
O-O O-O 9. Nbd2 h6 10. Qb3 (10. e3 Nbd7 11. Qe2 Ne4 12. Ne1 Ndf6 13. Nc4 Bh7
14. f3 Nd6 15. Ne5 Rc8 16. N1d3 Qc7 17. b3 Rfd8 18. Bb2 $14 {0-1 Barrett,
S-Houska,J/England 2001/EXT 2002 (38)}) 10... Qb6 11. Nc4 Qa6 (11... Qxb3 12.
axb3 Nbd7 13. Na5 $1 Be4 14. Nxb7 c5 15. Na5 $14) 12. Nfe5 Nbd7 (12... Rd8 $5
13. Rd1 (13. Na5 Rxd4 14. Qxb7 Qxb7 15. Nxb7 a5 16. Nxc6 Nxc6 17. Bxc6 Be4 $17
{[%csl Rb7]}) 13... Nbd7 $11) 13. Nxd7 Nxd7 14. Bf4 (14. e4 Bg6 15. Bf4 c5 $1
16. d5 b5 $132 17. Ne5 Nxe5 18. Bxe5 c4 19. Qc3 b4 20. Qe3 exd5 21. exd5 Bd6
$11) 14... Nb6 15. Rfc1 (15. Nxb6 Qxb6 (15... axb6 16. e4 Bg6 17. Rfd1 $14 {
[%cal Gd4d5]}) 16. e4 Qxb3 17. axb3 Bg4 $11 {[%cal Yg4e2,Ye2b5]}) 15... Nxc4
16. Rxc4 Qb6 17. e4 Bg6 18. d5 $36 exd5 19. exd5 cxd5 20. Bxd5 $16 {[%cal
Gd5b7,Gf4b8] White Bs are dominant enough to provide their side with a clear
advantage.} Rac8 21. Be3 Qxb3 22. axb3 a6 $2 (22... b5 $142 23. Rxc8 (23. Rc6
Rcd8 24. Bf3 (24. Rxg6 Rxd5 25. Rga6 Bf6 26. Rxa7 Rd3 27. b4 $14) 24... Rd7 25.
Rca6 Bf6 26. Rxa7 Rxa7 27. Rxa7 Bxb2 28. Rb7 Bd3 $14) 23... Rxc8 24. Rxa7 Bc5
$16) 23. Rxc8 Rxc8 24. Bxb7 Rb8 25. Bd5 $16 Bc2 (25... Bd3 26. Bc4 Bxc4 27.
bxc4 Rxb2 28. Rxa6 $16 {/+-}) 26. Rxa6 Bxb3 27. Bxb3 Rxb3 28. Rb6 Rd3 $2 ({
Black still could have kept some drawing chances in the B-endgame} 28... Rxb6
29. Bxb6 f5 30. Kf1 Kf7 31. Ke2 Ke6 32. Kd3 Kd5 $16) 29. Rb8+ Kh7 30. b4 $18
Bg5 31. Bc5 Rb3 32. Rb7 Kg6 33. b5 Bd8 34. b6 Rb5 35. Be3 Rb3 36. Rd7 $1 Bg5 (
36... Bxb6 37. Rd6+ $18) 37. Bc5 1-0

[Event "Julian Borowski 1st"]
[Site "Essen"]
[Date "1999.04.03"]
[Round "7"]
[White "Bischoff, Klaus"]
[Black "Dautov, Rustem"]
[Result "1/2-1/2"]
[WhiteElo "2521"]
[BlackElo "2598"]
[Annotator "Huzman,A"]
[PlyCount "82"]
[EventDate "1999.03.??"]
[EventType "tourn"]
[EventRounds "9"]
[EventCountry "GER"]
[EventCategory "14"]
[SourceTitle "CBM 071"]
[Source "ChessBase"]
[SourceDate "1999.08.01"]
[SourceVersion "1"]
[SourceVersionDate "1999.08.01"]
[SourceQuality "1"]

1. d4 d5 2. c4 c6 3. Nf3 Nf6 4. Qc2 dxc4 5. Qxc4 Bf5 6. g3 e6 7. Bg2 Be7 8. O-O
Nbd7 9. Nc3 O-O 10. e3 b5 11. Qe2 (11. Qxc6 b4 12. Nd1 (12. Nb5 Be4 13. Qa6 Nb8
14. Qa4 a6 $19) 12... Bd3 13. Re1 Rc8 14. Qa4 Qb6 $44) 11... b4 12. Na4 (12.
Nb1 {[%cal Gb1d2,Ge3e4,Gd2e4,Gd2c4]} c5 13. Nbd2 Rc8 14. b3 Bg4 {[%cal Yc5d4,
Rg4e2]} 15. h3 Bh5 16. g4 Bg6 17. Bb2 Nd5 (17... Ne4 $11) 18. Nc4 Bf6 19. Rac1
cxd4 20. Nxd4 Nc5 {[%cal Yg6d3,Yc5d3,Gc5e4,Ge4c3,Gd5c3]} 21. Rfd1 Ne4 22. Bxe4
$1 Bxe4 23. f3 Bg6 24. e4 $16 {1/2-1/2 Kharlov,A-Morozevich,A/St. Petersburg
1998/CBM 67/[Huzman] (66)}) 12... Be4 (12... Qa5 13. b3 Qb5 14. Re1 Bd3 15. Qd1
Rac8 16. Bb2 Rfd8 17. Rc1 Qa6 18. Nd2 Bb5 19. Bf1 Qb7 {1/2-1/2 Vasilescu,
L-Navrotescu,C/ROM 1993/EXT 97 (19)}) 13. b3 (13. Bd2 Nb6 14. b3 Nxa4 15. bxa4
Qd5 16. Rfc1 Rfd8 17. Be1 Nd7 18. Nh4 Bxg2 19. Nxg2 e5 $15 {1/2-1/2 Horvath,
J-Milov,L/Balatonbereny 1992/TD 92\11 (24)}) 13... Nb6 14. Nb2 (14. Nxb6 axb6
15. Ne5 Bxg2 16. Kxg2 Qd5+ 17. Qf3 Ne4 18. Bb2 f6 19. Nd3 Bd6 $15 {0-1 Panczyk,
K-Vigus,J/Hampstead 1998/EXP 63 (38)}) 14... Qd5 (14... c5 15. dxc5 Bxc5 16.
Rd1 Nfd5 (16... Nbd5 17. Na4) 17. Bd2 Qf6 18. Nd3 Bd6 $15) 15. Bd2 (15. Nd3 Bd6
$11) 15... c5 16. dxc5 Qxc5 (16... Bxc5 17. Rfd1 Qh5 18. Nd3 $14) 17. Rfc1 (17.
Nd3 Qb5 18. Nf4 Qxe2 19. Nxe2 Rac8 (19... Rfd8 20. Ned4 Rac8 $15) 20. Rfc1 Nfd5
$15) (17. Rac1 Qa5 18. a4 Qd5 $17 {[%csl Rb3]}) 17... Qd5 (17... Qh5 18. Nd3 {
[%cal Gd3f4,Gd3b4]} Rfd8 19. Nf4 (19. Nxb4 Rxd2 20. Qxd2 Bxf3 $17) 19... Qh6
20. Ne5 $36) 18. Rd1 Qb7 19. Nd3 (19. Be1 Nfd5 20. Rac1 Rac8 (20... Bf6 21. Nd3
$132 {[%csl Rc5]}) 21. Nc4 Rfd8 $15) 19... Rfd8 20. Be1 (20. Nxb4 a5 $19) 20...
Nbd5 $15 {[%csl Rc3,Re1][%cal Yb7g2]} (20... Nfd5 $5 21. Rac1 Rac8 22. Nde5 Bf6
$15 23. Ng4 $140 Bc3) 21. Rac1 Rac8 22. Nde5 h6 (22... Nc3 23. Rxd8+ Bxd8 24.
Bxc3 bxc3 25. Nc4 Qb4 26. Nd4 $14 {[%csl Rc3]}) 23. Nc4 Qa8 (23... Qa6 24. Nfe5
Bxg2 25. Kxg2 Qb7 26. f3 $14 {[%cal Ge3e4]}) 24. h3 Nb6 {[%cal Ya8g2]} 25.
Rxd8+ (25. Nxb6 axb6 $40 {[%cal Ya8a2,Ya8g2]}) 25... Rxd8 26. Nce5 Bd6 27. Nc4
Nxc4 28. Rxc4 Bd5 29. Rc1 a5 {[%csl Ra2,Rb3][%cal Ya5a4]} 30. Nh4 Bxg2 31. Nxg2
Ne4 $17 {[%cal Ye4g5,Yg5f3]} 32. h4 Be5 {[%csl Rc3]} 33. Rd1 Rd5 (33... Rxd1
34. Qxd1 Nc5 {[%cal Ya8e4]} 35. f3 $15) (33... Rc8 $1 $17 {[%cal Ya8c6,Yc6c2]})
34. Rxd5 Qxd5 35. Qc2 g6 (35... Nc5 36. f3) (35... g5 $5 $17 {[%csl Re1,Rg2]})
36. Nf4 Bxf4 37. exf4 Nd6 $6 (37... g5 38. f3 Nd6 39. fxg5 hxg5 40. Qd2 $11) (
37... Nf6 38. Bd2 {[%cal Gd2e3]} Qf3 39. Be3 Nd5 40. Qc8+ Kh7 41. Qf8 $11) (
37... h5 38. f3 Nc5 (38... Nd6 39. Kg2 Nf5 40. Bf2 $11) 39. Bf2 Nd3 $15) 38.
Bd2 Qf3 (38... Ne4 $142 39. Be1 $11 (39. Be3 Nc3 $17)) 39. Be3 $14 {[%csl Ra5,
Rb4]} Qd5 40. Bb6 Nf5 $2 (40... h5 41. Qc5 Qxc5 42. Bxc5 Ne4 43. Bb6 Nc3 44.
Bxa5 Nxa2 45. Kf1 Nc1 $11) 41. Qc8+ Kg7 (41... Kg7 {Black overpressed and now
White could get good winning chances} 42. Qd8 $1 Qe4 (42... Qf3 43. Bc7 $1 $18)
(42... Qc6 43. Bc7 Qc1+ 44. Kh2 f6 45. Qd7+ Kh8 46. Qc8+ Kg7 47. Qb7 $18) (
42... Qxd8 43. Bxd8 $18) 43. g4 $1 $18) 1/2-1/2